Normal view MARC view
  • M.A, H.Newman

Entry Personal Name

Number of records used in: 5

001 - CONTROL NUMBER

  • control field: 984

003 - CONTROL NUMBER IDENTIFIER

  • control field: NUST

005 - DATE AND TIME OF LATEST TRANSACTION

  • control field: 20170517134008.0

008 - FIXED-LENGTH DATA ELEMENTS

  • fixed length control field: 170517|| aca||aabn | a|a d

040 ## - CATALOGING SOURCE

  • Original cataloging agency: NUST
  • Transcribing agency: NUST

100 ## - HEADING--PERSONAL NAME

  • Personal name: M.A, H.Newman

670 ## - SOURCE DATA FOUND

  • Source citation: Work cat.: (NUST)23610: M.A, H.Newman, Virginia Woolf to the lighthouse /, 1984-10-12 ;
© 2023 Central Library, National University of Sciences and Technology. All Rights Reserved.